000 00289nam a22001097a 4500
082 _a954.91 KAB'S
100 _aKABIR, M
_980245
245 _aA SHORT HISTORY OF PAKISTAN MUSLIM RULE UNDER THE SULTANS
260 _aKARACHI
_bUNIVERSITY OF KARACHI
_c1967
300 _aBOOK TWO
942 _cBK
999 _c585196
_d585196